| 000 | 00666nam a2200229 u 4500 | ||
|---|---|---|---|
| 005 | 20240316063746.0 | ||
| 008 | 120905s2009 r 000 0 eng d | ||
| 020 | _a9788496751712 | ||
| 035 | _aUPN01000186440 | ||
| 049 | _aI | ||
| 050 | 4 |
_aB667 H8.4 _bS2.3 |
|
| 100 | 1 |
_aSalesas Pla, Florenci, _d1962- |
|
| 245 | 1 | 0 |
_aHipatia : _bla maestra / _cFlorenci Salesas. |
| 260 |
_aMadrid : _bEl Rompecabezas, _c2009. |
||
| 300 |
_a123 p. : _bil. |
||
| 440 | 0 |
_aSabelotod@s ; _v63. _pA partir de 9 años |
|
| 600 | 0 | 4 |
_aHYPATIA, _dm. 415 _921222 |
| 650 | 4 |
_aLibros y lectura para niños _92290 |
|
| 650 | 4 |
_aFilosofía _95327 |
|
| 905 | _aInfantil | ||
| 999 |
_c158543 _d158543 |
||